书目信息 |
| 题名: |
生物化学与分子生物学实验教程
|
|
| 作者: | 徐岚 , 钱晖 主编 | |
| 分册: | ||
| 出版信息: | 北京 科学出版社 2014.6 |
|
| 页数: | 170页 | |
| 开本: | 26cm | |
| 丛书名: | ||
| 单 册: | ||
| 中图分类: | Q5-33 , Q7-33 | |
| 科图分类: | ||
| 主题词: | 生物化学--实验--高等教育--教材 , 分子生物学--实验--高等教育--教材 , 生物化学 , 分子生物学 | |
| 电子资源: | ||
| ISBN: | 978-7-03-040390-2 | |
| 000 | 01085nam0 2200313 450 | |
| 001 | 0400003129 | |
| 005 | 20171025151331.89 | |
| 010 | @a978-7-03-040390-2@dCNY35.00 | |
| 100 | @a20140725e20172014em y0chiy50 ea | |
| 101 | 0 | @achi |
| 102 | @aCN@b110000 | |
| 105 | @aa z 000yy | |
| 106 | @ar | |
| 200 | 1 | @a生物化学与分子生物学实验教程@9sheng wu hua xue yu fen zi sheng wu xue shi yan jiao cheng@f徐岚,钱晖主编 |
| 205 | @a第3版 | |
| 210 | @a北京@c科学出版社@d2014.6@h2017.6 | |
| 215 | @a170页@c图@d26cm | |
| 300 | @a普通高等教育“十一五”国家级规划教材配套教材 | |
| 330 | @a本书包括总论和各论,总论介绍生物化学的基本操作技术,各论共有26个实验,包括蛋白质与氨基酸,酶学,糖、脂和生物氧化,核酸,综合性实验。 | |
| 606 | 0 | @a生物化学@x实验@x高等教育@j教材 |
| 606 | 0 | @a分子生物学@x实验@x高等教育@j教材 |
| 606 | 0 | @a生物化学 |
| 606 | 0 | @a分子生物学 |
| 690 | @aQ5-33@v5 | |
| 690 | @aQ7-33@v5 | |
| 701 | 0 | @a徐岚@9xu lan@c(女,@f1964~)@4主编 |
| 701 | 0 | @a钱晖@9qian hui@c(女,@f1970~)@4主编 |
| 801 | 0 | @aCN@b91MARC@c20171021 |
| 905 | @b1022350-4@dQ5-33@f5@e229=3 | |
| 生物化学与分子生物学实验教程/徐岚,钱晖主编.-第3版.-北京:科学出版社,2014.6(2017.6) |
| 170页:图;26cm |
| 普通高等教育“十一五”国家级规划教材配套教材 |
| ISBN 978-7-03-040390-2:CNY35.00 |
| 本书包括总论和各论,总论介绍生物化学的基本操作技术,各论共有26个实验,包括蛋白质与氨基酸,酶学,糖、脂和生物氧化,核酸,综合性实验。 |
| ● |
| 相关链接 |
|
|
|
|
正题名:生物化学与分子生物学实验教程
索取号:Q5-33/229=3
 
预约/预借
| 序号 | 登录号 | 条形码 | 馆藏地/架位号 | 状态 | 备注 |
| 1 | 1022350 | 210223505 | 第二样本阅览室/ [索取号:Q5-33/229=3] | 在馆 | |
| 2 | 1022351 | 210223514 | 密集书库-生命科学系/ [索取号:Q5-33/229=3] | 在馆 | |
| 3 | 1022352 | 210223523 | 第三借阅区/ [索取号:Q5-33/229=3] | 在馆 | |
| 4 | 1022353 | 210223532 | 第三借阅区/ [索取号:Q5-33/229=3] | 在馆 | |
| 5 | 1022354 | 210223541 | 第三借阅区/ [索取号:Q5-33/229=3] | 在馆 |